| 000 | 00864cab a2200253 4500 | ||
|---|---|---|---|
| 001 | ABS58020 | ||
| 008 | 090401t1998 xxu||||| |||| 00| 0 eng d | ||
| 035 | _a(Sirsi) u82928 | ||
| 041 | _aeng | ||
| 100 | _aHanson, M. | ||
| 245 | 4 | _aThe need for a model contract | |
| 260 | _c1998 | ||
| 350 | _a0 | ||
| 490 |
_aConstruction Manager _v3(10) December/January 1998, 14-15(2) |
||
| 520 | _aOutlines the main shape of the CIOB`s forthcoming "Model Contract for FM Services", including services and specification, obligations, limitations and liability, and methods of payment. | ||
| 650 | _aBESPOKE CONTRACTS | ||
| 650 | _aCIOB | ||
| 650 |
_aFACILITIES MANAGEMENT _96240 |
||
| 650 | _aLIABILITY | ||
| 650 | _aMODEL CONTRACT FOR FACILITIES MANAGEMENT SERVICES | ||
| 690 | _aBUILT ENVIRONMENT-BUILDING CONTRACT FORMS | ||
| 942 | _n0 | ||
| 948 | _c05/01/1998 | ||
| 999 |
_c52383 _d52383 |
||